00738nam a2200169 a 4500003000400000005001700004008003900021016001900060040001400079100003900093245024700132260008300379300002700462650002300489650002200512710003400534OSt20211227131756.0A00321s1972 sp 000 spa aDL M15959-1974 bcatcCDMR1 aMartínez Albertos, José Luís10aLibertad y responsabilidad del público lector de publicaciones infantiles y juveniles: [V curso para la obtención del diploma en publicaciones infantiles y juveniles, Madrid 12 febrero-8 marzo 1973] / cpor José Luis Martínez Albertos aMadrid : bPublicaciones de la Secretaría de la Escuela de Periodismo,c1974 a[3] pàginesc; 22 cm00aRevistes infantils00aRevistes juvenils2 aEscuela Oficial de Periodismo